000 00461nam a22002057a 4500
001 21558
005 20260314110409.0
008 260314b |||||||| |||| 00| 0 spa d
041 _aESP
082 _a621.3822
_bO57
100 _aOppenheim, Alan V.
245 _aSeñales y sistemas
260 _a :
_b ,
_c1998
300 _a000 páginas :
_b ;
_c00 cm.
440 _a ;
650 _aGEN
654 _aCET
700 _a;
942 _cLIB
_dJUS
_fJUS
_2ddc
999 _c21558
_d21558